| 000 | 01156nam a2200229Ia 4500 | ||
|---|---|---|---|
| 999 |
_c51094 _d51094 |
||
| 001 | 18051 | ||
| 003 | GE_BSU | ||
| 005 | 20251201203141.0 | ||
| 008 | 181216s1996||||ge |||||||||||||| ||geo|| | ||
| 040 | _cGE_BSU | ||
| 041 | _ageo | ||
| 080 | _a811.353.1(063) ქ-27 | ||
| 245 |
_aქართველური მემკვიდრეობა. I : _bქუთაისური საუბრები. სიმპოზიუმის მასალები / _cსარედ. კოლ. ი. ასათიანი. მ. თოდუა. რ. თოფჩიშვილი და სხვ. |
||
| 264 |
_aქუთაისი : _bქუთაისის აკაკი წერეთლის სახელობის სახ-ფო უნ-ტი, _c1996. |
||
| 300 |
_a321 გვ. _b24 სმ. |
||
| 520 | _aყდა და თავფ. ინგლ. ენ. | ||
| 541 | _h8 ლ. | ||
| 653 | _aსიმპოზიუმის მასალები | ||
| 653 | _aქართველური მემკვიდრეობა | ||
| 653 | _aქუთაისური საუბრები. | ||
| 942 |
_cBK _2udc |
||